banner-ar

كتاب الرد على ابى بكر الخطيب البغدادى / (Record no. 59463)

MARC details
000 -الفاتح
حقل البيانات ثابتة الطول 00685nam a2200145Ia 4500
008 - عناصر البيانات ثابتة الطول - معلومات عامة
حقل البيانات ثابتة الطول 140319s9999 xx 000 0 ara d
040 ## - مصدر الفهرسة
وكالة الفهرسة الأصلية GCL /
وكالة النسخ GCL
082 04 - رقم تصنيف ديوى العشرى
رقم التصنيف م
رقم المادة 920.71
-- س ك
100 1# - المدخل الرئيسى - إسم شخصى
الإسم الشخصى السلطان ابى المظفر عيسى ابن ال
245 10 - بيان العنوان
العنوان كتاب الرد على ابى بكر الخطيب البغدادى /
بيان المسئوليه,etc السلطان ابى المظفر عيسى ابن ال
700 1# - المدخل الاضافى - اسم شخصى
الإسم الشخصى الخطيب البغدادى : ابوبكر احمد بن على بن ثابت بن احمد بن مهدى الشافعى
490 ## - بيان السلسلة
عنوان السلسلة شكاوى المصرى الفصيح
رقم المجلد/ التعيين التسلسلي 0
260 ## - PUBLICATION, DISTRIBUTION, ETC. (IMPRINT)
-- [S.N] :
-- دار الكتب العلمية للنشر والتوزيع
Holdings
حالة التراجع حالة الفقد حالة تلف ليس للاعارة المكان المؤقت الموقع الحالى تاريخ الاكتساب اجمالي اﻻعارات رقم الطلب الباركود تاريخ اخر مشاهدة تاريخ تفعيل السعر نوع وعاء كوها
        مكتبة القاهرة الكبرى مكتبة القاهرة الكبرى 03/26/2014   م\920.71\س ك 155459 03/26/2014 03/26/2014 المراجع
        مكتبة القاهرة الكبرى مكتبة القاهرة الكبرى 03/26/2014   م\920.71\س ك 155460 03/26/2014 03/26/2014 المراجع
        مكتبة القاهرة الكبرى مكتبة القاهرة الكبرى 03/26/2014   م\920.71\س ك 155461 03/26/2014 03/26/2014 المراجع

Powered By

EGPV